| 000 | 00914nac a22002897a 4500 | ||
|---|---|---|---|
| 001 | BR8300681 | ||
| 003 | BR-BrBNA | ||
| 005 | 20240105115619.0 | ||
| 008 | 230509b bl.|||m| |||| 00| 0 por d | ||
| 040 |
_aBR-BrBNA _bpor _cBiblioteca Nacional de Agricultura |
||
| 072 | _aQ10; S10 | ||
| 090 | _a0336 BR8300681 | ||
| 100 | 1 | _aCabral, L.C. | |
| 100 | 1 | _aModesta, R.C.D. | |
| 110 | 1 |
_aCentro de Tecnologia Agricola e Alimentar, Rio de Janeiro, RJ (Brasil) _91664 |
|
| 245 | 1 | _aSoja na alimentacao humana | |
| 246 | 1 | _a[Soybean in human feeding] | |
| 260 | 3 |
_aRio de Janeiro, RJ (Brasil): _c1982. |
|
| 300 | _a54 p. | ||
| 490 |
_aDocumentos - Centro de Tecnologia Agricola e Alimentar (Brazil) _vno. 1 _x |
||
| 500 | _a10 tables; 40 ref. | ||
| 650 | _aSOJA | ||
| 650 | _aINDUSTRIA ALIMENTICIA | ||
| 650 | _aVALOR NUTRITIVO | ||
| 909 |
_a202312 _bLúcia Elande _c55 _dLúcia Elande |
||
| 942 |
_2AGRIS _n0 _cMS |
||
| 999 |
_c275568 _d275568 |
||